[Event "Seville op 40th"]
[Site "Seville"]
[Date "2015.01.29"]
[Round "6"]
[White "Gavilan Diaz, Mario"]
[Black "Camacho Calle, Pedro"]
[Result "1-0"]
[WhiteElo "2250"]
[BlackElo "2086"]
[PlyCount "97"]
[EventDate "2015.01.25"]
[EventType "swiss"]
[EventRounds "9"]
[EventCountry "ESP"]
[SourceTitle "CBM 164 Extra"]
[Source "ChessBase"]
[SourceDate "2015.03.02"]
[SourceVersion "1"]
[SourceVersionDate "2015.03.02"]
[SourceQuality "1"]

1. e4 c6 2. Nc3 d5 3. Nf3 Bg4 4. h3 Bxf3 5. Qxf3 Nf6 6. d3 e6 7. Bd2 Bb4 8. 0-0-0 d4 9. Nb1 Bxd2+ 10. Nxd2 c5 11. g4 Nc6 12. g5 Nd7 13. h4 Qe7 14. Qg3 e5 15. Bh3 Nf8 16. f4 exf4 17. Qxf4 Ne6 18. Qf5 g6 19. Qf2 0-0 20. Rdf1 Ne5 21. Qh2 Ng7 22. Nf3 Nxf3 23. Rxf3 f6 24. Kb1 fxg5 25. Rxf8+ Rxf8 26. hxg5 Nh5 27. Rg1 Rf4 28. Bg4 Qf7 29. Bxh5 gxh5 30. a3 c4 31. dxc4 Rf1+ 32. Rxf1 Qxf1+ 33. Ka2 Qxc4+ 34. b3 Qc6 35. Qb8+ Kf7 36. Qf4+ Kg8 37. Kb1 h4 38. Qxh4 d3 39. cxd3 Qc3 40. Qh3 Qxb3+ 41. Kc1 Qxa3+ 42. Kd2 Qb2+ 43. Ke3 Qc1+ 44. Kd4 Qb2+ 45. Kd5 Qb5+ 46. Kd6 Qc6+ 47. Ke7 a5 48. Qf5 a4 49. Qf8# 1-0

[Event "ESP-ch 79th"]
[Site "Linares"]
[Date "2014.08.25"]
[Round "1"]
[White "Salgado Lopez, Ivan"]
[Black "Camacho Calle, Pedro"]
[Result "1-0"]
[WhiteElo "2620"]
[BlackElo "2086"]
[PlyCount "71"]
[EventDate "2014.08.25"]
[EventType "swiss"]
[EventRounds "9"]
[EventCountry "ESP"]
[SourceTitle "CBM 162 Extra"]
[Source "ChessBase"]
[SourceDate "2014.10.17"]
[SourceVersion "1"]
[SourceVersionDate "2014.10.17"]
[SourceQuality "1"]

1. e4 c6 2. Nf3 d5 3. Nc3 Bg4 4. h3 Bxf3 5. Qxf3 e6 6. d4 Nf6 7. Bd3 dxe4 8. Nxe4 Nxe4 9. Qxe4 Qd5 10. Qe3 Nd7 11. 0-0 Bd6 12. Bd2 0-0 13. Rfd1 Nf6 14. c4 Qh5 15. f4 Nd7 16. b4 Qh4 17. Qf2 Qxf2+ 18. Kxf2 Rfd8 19. Rab1 a6 20. a4 h5 21. g4 hxg4 22. hxg4 b5 23. c5 Bf8 24. g5 g6 25. Be3 Bg7 26. Ra1 f5 27. Be2 Rac8 28. axb5 axb5 29. Ra7 Nf8 30. Bf3 Nd7 31. Rda1 Kf8 32. R1a6 Nb8 33. Rb6 Bxd4 34. Bxd4 Rxd4 35. Ke3 Rdd8 36. Rbb7 1-0

[Event "Benidorm op U2300 11th"]
[Site "Benidorm"]
[Date "2012.12.01"]
[Round "2"]
[White "Lada, Ireneusz"]
[Black "Camacho Calle, Pedro"]
[Result "0-1"]
[WhiteElo "2003"]
[BlackElo "2103"]
[PlyCount "64"]
[EventDate "2012.11.30"]
[EventType "swiss"]
[EventRounds "10"]
[EventCountry "ESP"]
[SourceTitle "EXT 2014"]
[Source "ChessBase"]
[SourceDate "2013.11.20"]
[SourceVersion "1"]
[SourceVersionDate "2013.11.20"]
[SourceQuality "1"]

1. c4 b6 2. Nf3 Bb7 3. g3 Bxf3 4. exf3 c5 5. Bg2 Nc6 6. f4 Rc8 7. b3 e6 8. Bb2 Nge7 9. 0-0 Nf5 10. Na3 Be7 11. Nc2 Bf6 12. Bc3 0-0 13. Re1 Nfd4 14. Bxc6 dxc6 15. Rb1 Rc7 16. Bxd4 Bxd4 17. Qf3 Bf6 18. Rbd1 Rd7 19. d3 Bc3 20. Re4 Rd6 21. Kg2 Qd7 22. Qe2 Rd8 23. Re3 g6 24. h4 Qe7 25. h5 Qf6 26. Re4 gxh5 27. Re5 h4 28. Rh5 hxg3 29. fxg3 Kf8 30. Rxh7 Qg6 31. Rh5 Rxd3 32. Rg5 Rxd1 0-1

[Event "Benidorm op U2300 10th"]
[Site "Benidorm"]
[Date "2011.12.04"]
[Round "3"]
[White "Mirete Bernabe, Marco Antonio"]
[Black "Camacho Calle, Pedro"]
[Result "1/2-1/2"]
[WhiteElo "2204"]
[BlackElo "2072"]
[PlyCount "26"]
[EventDate "2011.12.02"]
[EventType "swiss"]
[EventRounds "10"]
[EventCountry "ESP"]
[SourceTitle "CBM 145 Extra"]
[Source "ChessBase"]
[SourceDate "2012.01.03"]
[SourceVersion "1"]
[SourceVersionDate "2012.01.03"]
[SourceQuality "1"]

1. c4 c6 2. Nc3 d5 3. e3 Nf6 4. Nf3 g6 5. d4 Bg7 6. Ne5 0-0 7. cxd5 Nxd5 8. f4 Nd7 9. Bc4 Nxe5 10. fxe5 Nxc3 11. bxc3 Be6 12. Bxe6 fxe6 13. Qb3 Qd5 1/2-1/2

[Event "Valencia Real Provincial-ch"]
[Site "Ciudad Real"]
[Date "2010.04.11"]
[Round "1.5"]
[White "Camacho Calle, Pedro"]
[Black "Lopez Gomez, Hector"]
[Result "1-0"]
[WhiteElo "2132"]
[BlackElo "1526"]
[PlyCount "85"]
[EventDate "2010.04.11"]
[EventType "swiss"]
[EventRounds "6"]
[EventCountry "ESP"]
[SourceTitle "EXT 2024"]
[Source "ChessBase"]
[SourceDate "2023.10.10"]
[SourceVersion "1"]
[SourceVersionDate "2023.10.10"]
[SourceQuality "1"]

1. e4 c5 2. Nf3 d6 3. Bb5+ Bd7 4. Bxd7+ Nxd7 5. 0-0 Ngf6 6. Re1 Qc7 7. c4 e6 8. Nc3 a6 9. b3 Be7 10. d4 0-0 11. d5 e5 12. a4 Rab8 13. h3 Rfd8 14. Nh2 h6 15. Nf1 Nf8 16. Ng3 Ng6 17. Nf5 Nh7 18. g3 Ng5 19. h4 Nh7 20. h5 Ngf8 21. Qg4 Bf6 22. Bxh6 g6 23. Kg2 Kh8 24. Nh4 Qd7 25. Qxd7 Rxd7 26. hxg6 Nxg6 27. Nf5 Rg8 28. Rh1 Nf4+ 29. Kf3 Ng6 30. Rh5 Be7 31. Rah1 Bf8 32. Bd2 f6 33. Nd1 Rgg7 34. Nde3 Be7 35. b4 b6 36. bxc5 bxc5 37. Rb1 Rd8 38. a5 Bf8 39. Rb6 Ra7 40. Ng4 Kg8 41. Bh6 Be7 42. Bg7 Kf7 43. Rxh7 1-0

[Event "La Roda op 37th"]
[Site "La Roda"]
[Date "2010.04.01"]
[Round "3"]
[White "Fernandez Siles, Luis"]
[Black "Camacho Calle, Pedro"]
[Result "1/2-1/2"]
[WhiteElo "2364"]
[BlackElo "2132"]
[PlyCount "61"]
[EventDate "2010.03.31"]
[EventType "swiss"]
[EventRounds "9"]
[EventCountry "ESP"]
[SourceTitle "CBM 135 Extra"]
[Source "ChessBase"]
[SourceDate "2010.05.04"]
[SourceVersion "1"]
[SourceVersionDate "2010.05.04"]
[SourceQuality "1"]

1. Nf3 Nf6 2. c4 c5 3. Nc3 e6 4. e3 b6 5. d4 cxd4 6. exd4 Bb7 7. Bd3 Be7 8. 0-0 d5 9. cxd5 Nxd5 10. Bb5+ Bc6 11. Qa4 Bxb5 12. Qxb5+ Qd7 13. Nxd5 exd5 14. Qxd7+ Nxd7 15. Re1 f6 16. Bf4 Kf7 17. Rec1 Rhc8 18. Bc7 Nf8 19. Rc2 Ne6 20. Rac1 Ke8 21. g4 Kd7 22. Bg3 Rxc2 23. Rxc2 Rc8 24. Rxc8 Kxc8 25. Kf1 Kd7 26. Ke2 Bd6 27. Kd3 Bxg3 28. hxg3 g6 29. Nd2 Kd6 30. f4 Ng7 31. Nf1 1/2-1/2

[Event "Seville op 34th"]
[Site "Seville"]
[Date "2009.01.27"]
[Round "5"]
[White "Camacho Calle, Pedro"]
[Black "Van Hoolandt, Patrick"]
[Result "1/2-1/2"]
[WhiteElo "2125"]
[BlackElo "2235"]
[PlyCount "116"]
[EventDate "2009.01.23"]
[EventType "swiss"]
[EventRounds "9"]
[EventCountry "ESP"]
[SourceTitle "CBM 128 Extra"]
[Source "ChessBase"]
[SourceDate "2009.03.05"]
[SourceVersion "2"]
[SourceVersionDate "2009.03.25"]
[SourceQuality "1"]

1. c4 e5 2. Nc3 Nc6 3. g3 g6 4. Bg2 Bg7 5. e3 d6 6. Nge2 h5 7. h4 Bg4 8. d3 Nge7 9. Rb1 0-0 10. 0-0 Qc8 11. Kh2 Kh7 12. b4 a6 13. Qc2 Rb8 14. a4 a5 15. bxa5 Nxa5 16. Ba3 b6 17. Ng1 Bd7 18. Nf3 Bc6 19. e4 Ra8 20. Ra1 Bd7 21. Nb5 Nec6 22. Ra2 Nb7 23. Rb1 Bh6 24. Bc1 Bxc1 25. Qxc1 Nc5 26. Qe3 Rxa4 27. Rxa4 Nxa4 28. Ra1 Nc5 29. Ra3 f6 30. Kg1 Kg7 31. Na7 Qa8 32. Nb5 Qd8 33. Nc3 Nb4 34. Ne1 Ne6 35. Nd5 Nxd5 36. cxd5 Nd4 37. Rc3 b5 38. Nf3 c5 39. dxc6 Nxc6 40. d4 b4 41. Rb3 Qa5 42. d5 Ne7 43. Qd2 Rb8 44. Bf1 Ba4 45. Rb1 Qb6 46. Bd3 Rb7 47. Kg2 b3 48. Rb2 Qb4 49. Qxb4 Rxb4 50. Nd2 Nc8 51. Bc4 Na7 52. f3 Nb5 53. Kf2 Nd4 54. Ke3 f5 55. Kd3 Rb8 56. Kc3 fxe4 57. Nxe4 Rb6 58. f4 Kf8 1/2-1/2

[Event "Albacete op 16th"]
[Site "Albacete"]
[Date "2008.09.05"]
[Round "8"]
[White "Espinosa Aranda, Angel"]
[Black "Camacho Calle, Pedro"]
[Result "1/2-1/2"]
[WhiteElo "2313"]
[BlackElo "2140"]
[PlyCount "26"]
[EventDate "2008.09.01"]
[EventType "swiss"]
[EventRounds "9"]
[EventCountry "ESP"]
[SourceTitle "CBM 126 Extra"]
[Source "ChessBase"]
[SourceDate "2008.11.05"]
[SourceVersion "1"]
[SourceVersionDate "2008.11.05"]
[SourceQuality "1"]

1. e4 c5 2. Nf3 e6 3. b3 a6 4. Bb2 d6 5. d4 cxd4 6. Nxd4 Nf6 7. Nd2 Nbd7 8. c4 g6 9. Bd3 Bg7 10. 0-0 0-0 11. N4f3 Qc7 12. Re1 b6 13. Rc1 Bb7 1/2-1/2

[Event "Albacete op 16th"]
[Site "Albacete"]
[Date "2008.09.02"]
[Round "2"]
[White "Pogorelov, Ruslan"]
[Black "Camacho Calle, Pedro"]
[Result "1-0"]
[WhiteElo "2459"]
[BlackElo "2140"]
[PlyCount "77"]
[EventDate "2008.09.01"]
[EventType "swiss"]
[EventRounds "9"]
[EventCountry "ESP"]
[SourceTitle "CBM 126 Extra"]
[Source "ChessBase"]
[SourceDate "2008.11.05"]
[SourceVersion "1"]
[SourceVersionDate "2008.11.05"]
[SourceQuality "1"]

1. Nf3 Nf6 2. c4 c5 3. Nc3 e6 4. g3 b6 5. Bg2 Bb7 6. 0-0 Be7 7. Re1 d6 8. e4 a6 9. d4 cxd4 10. Nxd4 Qc7 11. Be3 0-0 12. Rc1 Nbd7 13. f4 h5 14. h3 Rfe8 15. Bf2 g6 16. e5 dxe5 17. fxe5 Nh7 18. Nd5 exd5 19. cxd5 Qb8 20. Nc6 Bxc6 21. dxc6 Nc5 22. e6 Nxe6 23. Rxe6 fxe6 24. c7 Qa7 25. Bxa8 Qxa8 26. Qc2 Bc5 27. Bxc5 bxc5 28. Qxg6+ Kh8 29. Rxc5 Rc8 30. Qxe6 Qb7 31. Qe5+ Kg8 32. Qe6+ Kg7 33. Qe7+ Kg6 34. Qd6+ Kg7 35. Qd7+ Kg8 36. Rc6 Qa7+ 37. Kh1 Qf2 38. Qxc8+ Nf8 39. Qxf8+ 1-0

[Event "Albacete op 13th"]
[Site "Albacete"]
[Date "2005.09.07"]
[Round "9"]
[White "Fernandez Siles, Luis"]
[Black "Camacho Calle, Pedro"]
[Result "1/2-1/2"]
[WhiteElo "2283"]
[BlackElo "2147"]
[PlyCount "26"]
[EventDate "2005.09.01"]
[EventType "swiss"]
[EventRounds "9"]
[EventCountry "ESP"]
[SourceTitle "CBM 108 Extra"]
[Source "ChessBase"]
[SourceDate "2005.11.04"]
[SourceVersion "1"]
[SourceVersionDate "2005.11.04"]
[SourceQuality "1"]

1. e4 c5 2. c3 Nf6 3. e5 Nd5 4. Nf3 e6 5. Bc4 d6 6. d4 cxd4 7. cxd4 Nc6 8. 0-0 Be7 9. Qe2 0-0 10. Qe4 Ndb4 11. exd6 Qxd6 12. a3 Nd5 13. Bd3 f5 1/2-1/2

[Event "Albacete op 12th"]
[Site "Albacete"]
[Date "2004.09.04"]
[Round "5"]
[White "Camacho Calle, Pedro"]
[Black "Rueda Delgado, Fernando"]
[Result "1-0"]
[WhiteElo "2168"]
[BlackElo "1981"]
[PlyCount "57"]
[EventDate "2004.09.01"]
[EventType "swiss"]
[EventRounds "9"]
[EventCountry "ESP"]
[SourceTitle "CBM 102 Extra"]
[Source "ChessBase"]
[SourceDate "2004.11.03"]
[SourceVersion "1"]
[SourceVersionDate "2004.11.03"]
[SourceQuality "1"]

1. e4 c5 2. Nf3 Nc6 3. Bb5 g6 4. Bxc6 dxc6 5. h3 Bg7 6. d3 Nf6 7. Nc3 b6 8. Be3 Qc7 9. Qd2 0-0 10. Bh6 Rd8 11. Bxg7 Kxg7 12. Qe3 e5 13. g4 a5 14. Ne2 Be6 15. Ng3 c4 16. dxc4 Bxc4 17. Qc3 Bb5 18. a4 Ba6 19. Nxe5 Kg8 20. Nxc6 Rd6 21. Nd4 Qe7 22. 0-0-0 Rc8 23. Qe3 Nd7 24. Rd2 Nc5 25. Ndf5 gxf5 26. Nxf5 Qe5 27. Rxd6 Nxa4 28. Qg5+ Kh8 29. Rd8+ 1-0

[Event "Dos Hermanas op 4th"]
[Site "Dos Hermanas"]
[Date "2004.04.02"]
[Round "9"]
[White "Camacho Calle, Pedro"]
[Black "Campora, Daniel Hugo"]
[Result "0-1"]
[WhiteElo "2180"]
[BlackElo "2503"]
[PlyCount "106"]
[EventDate "2004.03.25"]
[EventType "swiss"]
[EventRounds "9"]
[EventCountry "ESP"]
[SourceTitle "CBM 099 Extra"]
[Source "ChessBase"]
[SourceDate "2004.05.04"]
[SourceVersion "1"]
[SourceVersionDate "2004.05.04"]
[SourceQuality "1"]

1. e4 e5 2. Nf3 Nc6 3. Bb5 a6 4. Ba4 Nf6 5. Qe2 d6 6. c3 Bd7 7. d3 g6 8. Nbd2 Bg7 9. Nf1 0-0 10. Ng3 Re8 11. 0-0 Nd4 12. cxd4 Bxa4 13. dxe5 dxe5 14. b3 Bb5 15. Rd1 c5 16. Bb2 Nd7 17. Qe3 a5 18. a4 Ba6 19. Nd2 b6 20. Nc4 Nb8 21. Bc3 Nc6 22. Ra2 Ra7 23. Ne2 Rd7 24. Rad2 Nd4 25. Bxd4 cxd4 26. Qg3 f6 27. Ra2 Rb7 28. f4 Qe7 29. Rda1 Qb4 30. Rb1 b5 31. axb5 Bxb5 32. fxe5 fxe5 33. Qe1 Qxe1+ 34. Rxe1 Ra7 35. Raa1 Bf8 36. Red1 Bb4 37. Nb6 Re6 38. Nd5 Bf8 39. h3 Bc6 40. Rdc1 Kg7 41. Ra2 h5 42. g4 h4 43. Kg2 Bxd5 44. exd5 Rb6 45. Kf3 Rxb3 46. Ke4 a4 47. Ng1 a3 48. Rcc2 Bd6 49. Ne2 Rab7 50. Nc1 Rf7 51. Rf2 Rxf2 52. Rxf2 Rb1 53. Rc2 a2 0-1

[Event "Seville op 27th"]
[Site "Seville"]
[Date "2002.01.15"]
[Round "5"]
[White "Salgado Gonzalez, Julio"]
[Black "Camacho Calle, Pedro"]
[Result "1/2-1/2"]
[WhiteElo "2063"]
[BlackElo "2195"]
[PlyCount "20"]
[EventDate "2002.01.11"]
[EventType "swiss"]
[EventRounds "9"]
[EventCountry "ESP"]
[SourceTitle "CBM 086 Extra"]
[Source "ChessBase"]
[SourceDate "2002.03.14"]
[SourceVersion "1"]
[SourceVersionDate "2002.03.14"]
[SourceQuality "1"]

1. Nf3 Nf6 2. d4 e6 3. e3 b6 4. Bd3 Bb7 5. Nbd2 c5 6. Qe2 Nc6 7. c3 Be7 8. a3 0-0 9. 0-0 d5 10. b4 Bd6 1/2-1/2

[Event "Seville op 26th"]
[Site "Seville"]
[Date "2001.01.20"]
[Round "9"]
[White "Komljenovic, Davorin"]
[Black "Camacho Calle, Pedro"]
[Result "1-0"]
[WhiteElo "2512"]
[BlackElo "2231"]
[PlyCount "71"]
[EventDate "2001.01.12"]
[EventType "swiss"]
[EventRounds "9"]
[EventCountry "ESP"]
[SourceTitle "CBM 080 Extra"]
[Source "ChessBase"]
[SourceDate "2001.03.08"]
[SourceVersion "1"]
[SourceVersionDate "2001.03.08"]
[SourceQuality "1"]

1. c4 e5 2. Nc3 Nf6 3. Nf3 Nc6 4. e3 Bc5 5. a3 d6 6. d4 Bb6 7. b4 a5 8. b5 exd4 9. exd4 Nb8 10. Bd3 0-0 11. 0-0 Bg4 12. Be3 Nbd7 13. Ne4 Re8 14. Ng3 c6 15. Rb1 d5 16. h3 Be6 17. c5 Bc7 18. Ne2 Ne4 19. Qc1 Nf8 20. bxc6 bxc6 21. Bf4 Ng6 22. Bxc7 Qxc7 23. Rb6 Rab8 24. Qb2 Rxb6 25. cxb6 Qd6 26. Ne5 Rb8 27. Rc1 c5 28. Bxe4 cxd4 29. Nc6 dxe4 30. Nxb8 d3 31. Nc6 dxe2 32. b7 Qd1+ 33. Kh2 h6 34. b8Q+ Kh7 35. Qd8 Qf1 36. Qdd4 1-0

[Event "Murcia op"]
[Site "Murcia"]
[Date "1997.??.??"]
[Round "7"]
[White "Cabezas Ayala, Ivan"]
[Black "Camacho Calle, Pedro"]
[Result "1/2-1/2"]
[WhiteElo "2245"]
[BlackElo "2250"]
[PlyCount "66"]
[EventDate "1997.??.??"]
[EventType "swiss"]
[EventRounds "9"]
[EventCountry "ESP"]
[SourceTitle "EXT 2000"]
[Source "ChessBase"]
[SourceDate "1999.11.16"]
[SourceVersion "1"]
[SourceVersionDate "1999.11.16"]
[SourceQuality "1"]

1. d4 Nf6 2. Nf3 e6 3. Bg5 h6 4. Bxf6 Qxf6 5. e4 d6 6. Nc3 Nc6 7. Bb5 a6 8. Ba4 b5 9. Bb3 Bb7 10. 0-0 g5 11. d5 Ne5 12. Nd4 c5 13. dxc6 Nxc6 14. Nxc6 Bxc6 15. Re1 Be7 16. Qe2 0-0 17. Nd5 exd5 18. exd5 Bd7 19. Qxe7 Qxe7 20. Rxe7 Rad8 21. Kf1 Rfe8 22. Rxe8+ Rxe8 23. Re1 Kg7 24. Rxe8 Bxe8 25. Ke2 Kf6 26. Ke3 Ke5 27. g3 g4 28. c4 b4 29. Bd1 Bd7 30. Be2 a5 31. Bd1 f6 32. Bb3 Be8 33. Bc2 Bd7 1/2-1/2

[Event "Murcia op"]
[Site "Murcia"]
[Date "1997.??.??"]
[Round "5"]
[White "Ramirez Rio, Jose"]
[Black "Camacho Calle, Pedro"]
[Result "1/2-1/2"]
[WhiteElo "2140"]
[BlackElo "2250"]
[PlyCount "80"]
[EventDate "1997.??.??"]
[EventType "swiss"]
[EventRounds "9"]
[EventCountry "ESP"]
[SourceTitle "EXT 2000"]
[Source "ChessBase"]
[SourceDate "1999.11.16"]
[SourceVersion "1"]
[SourceVersionDate "1999.11.16"]
[SourceQuality "1"]

1. d4 Nf6 2. c4 e6 3. Nc3 Bb4 4. e3 c5 5. Nge2 d5 6. a3 Bxc3+ 7. Nxc3 dxc4 8. dxc5 Qa5 9. Qd4 Nbd7 10. Bxc4 Qxc5 11. Qxc5 Nxc5 12. b4 Nce4 13. Nxe4 Nxe4 14. Bb2 f6 15. Ke2 Ke7 16. Rhd1 Bd7 17. Bd3 Nd6 18. a4 e5 19. b5 e4 20. Ba3 exd3+ 21. Rxd3 Be6 22. Bxd6+ Kf7 23. Rc3 Rac8 24. Bc7 Rhe8 25. a5 a6 26. b6 Bd5 27. f3 Re6 28. Rac1 g6 29. Kf2 f5 30. Rc5 Bb3 31. R1c3 Ba4 32. R3c4 Be8 33. h3 h5 34. g4 hxg4 35. hxg4 fxg4 36. Rf4+ Ke7 37. Rxg4 Bc6 38. Rh4 Rf8 39. Rh7+ Rf7 40. Rxf7+ Kxf7 1/2-1/2

[Event "Metz op 14th"]
[Site "Metz"]
[Date "1996.??.??"]
[Round "?"]
[White "Camacho Calle, Pedro"]
[Black "Giacomazzi, Dominique"]
[Result "1/2-1/2"]
[WhiteElo "1990"]
[BlackElo "2240"]
[PlyCount "107"]
[EventDate "1996.04.??"]
[EventType "swiss"]
[EventRounds "9"]
[EventCountry "FRA"]
[SourceTitle "EXT 1998"]
[Source "ChessBase"]
[SourceDate "1997.11.17"]
[SourceVersion "1"]
[SourceVersionDate "1997.11.17"]
[SourceQuality "1"]

1. e4 c6 2. d4 d5 3. Nd2 dxe4 4. Nxe4 Bf5 5. Ng3 Bg6 6. h4 h6 7. Nf3 Nd7 8. h5 Bh7 9. Bd3 Bxd3 10. Qxd3 Qc7 11. Bd2 Ngf6 12. 0-0-0 e6 13. Kb1 c5 14. c4 cxd4 15. Nxd4 a6 16. Rhe1 0-0-0 17. Be3 Bc5 18. Qc2 Ng4 19. Ne4 Nxe3 20. fxe3 Nf6 21. Nxf6 gxf6 22. Nf3 Rxd1+ 23. Rxd1 Rd8 24. Rxd8+ Qxd8 25. e4 Qg8 26. Qa4 Qxg2 27. Qe8+ Kc7 28. Qxf7+ Kb8 29. Qxf6 Qf1+ 30. Kc2 Qxc4+ 31. Kd1 Qxe4 32. Qe5+ Qxe5 33. Nxe5 Bd4 34. Ng4 Bxb2 35. Nxh6 Kc7 36. Kc2 Ba1 37. Kd3 Kd6 38. Ke4 Ke7 39. Ng4 Kd6 40. h6 b5 41. h7 a5 42. Ne3 Bh8 43. Kd3 Bg7 44. Kc2 Kc5 45. Kd3 a4 46. Kc2 b4 47. Ng2 e5 48. Ne3 e4 49. Kb1 Bh8 50. Kc2 Kd6 51. Nf5+ Ke5 52. Ne3 Kd4 53. Nf5+ Kc5 54. Ne3 1/2-1/2

[Event "Metz op 14th"]
[Site "Metz"]
[Date "1996.??.??"]
[Round "?"]
[White "Camacho Calle, Pedro"]
[Black "Krob, Laurent"]
[Result "0-1"]
[WhiteElo "1990"]
[BlackElo "2385"]
[PlyCount "64"]
[EventDate "1996.04.??"]
[EventType "swiss"]
[EventRounds "9"]
[EventCountry "FRA"]
[SourceTitle "EXT 1998"]
[Source "ChessBase"]
[SourceDate "1997.11.17"]
[SourceVersion "1"]
[SourceVersionDate "1997.11.17"]
[SourceQuality "1"]

1. e4 c5 2. Nf3 e6 3. d4 cxd4 4. Nxd4 Nf6 5. Bd3 Nc6 6. Nxc6 bxc6 7. c4 d5 8. cxd5 cxd5 9. exd5 Qxd5 10. Be2 Bb4+ 11. Bd2 Bxd2+ 12. Nxd2 Bb7 13. Nf3 Qa5+ 14. Qd2 Qxd2+ 15. Nxd2 Bxg2 16. Rg1 Bd5 17. Rxg7 Rc8 18. b3 Ke7 19. Bc4 Bb7 20. 0-0-0 Rc5 21. Re1 Kf8 22. Rg3 Rh5 23. h3 Rg8 24. Rxg8+ Kxg8 25. Kb2 Kf8 26. Re3 Bg2 27. Rc3 Rxh3 28. f3 h5 29. b4 h4 30. Ra3 Rg3 31. Rxa7 h3 32. Ra8+ Kg7 0-1